| 000 | 01420nam a2200349Ia 4500 | ||
|---|---|---|---|
| 001 | ebr10103786 | ||
| 003 | CaPaEBR | ||
| 006 | m u | ||
| 007 | cr cn||||||||| | ||
| 008 | 040726s2005 nyu sb 001 0 eng d | ||
| 010 | _z 2004048936 | ||
| 020 | _z1403939950 (alk. paper) | ||
| 040 |
_aCaPaEBR _cCaPaEBR |
||
| 035 | _a(OCoLC)568004081 | ||
| 050 | 1 | 4 |
_aHN373.5 _b.J63 2005eb |
| 082 | 0 | 4 |
_a320.6/094 _222 |
| 100 | 1 | _aJohnson, Ailish M. | |
| 245 | 1 | 0 |
_aEuropean welfare states and supranational governance of social policy _h[electronic resource] / _cAilish Johnson ; foreword by Allan Larsson. |
| 260 |
_aNew York : _bPalgrave Macmillan, _c2005. |
||
| 300 | _axvi, 267 p. | ||
| 490 | 1 | _aSt. Antony's series | |
| 504 | _aIncludes bibliographical references and index. | ||
| 533 |
_aElectronic reproduction. _bPalo Alto, Calif. : _cebrary, _d2009. _nAvailable via World Wide Web. _nAccess may be limited to ebrary affiliated libraries. |
||
| 610 | 2 | 0 | _aEuropean Union. |
| 610 | 2 | 0 | _aInternational Labour Organisation. |
| 650 | 0 |
_aWelfare state _zEuropean Union countries. |
|
| 651 | 0 |
_aEuropean Union countries _xSocial policy. |
|
| 655 | 7 |
_aElectronic books. _2local |
|
| 710 | 2 | _aebrary, Inc. | |
| 830 | 0 | _aSt. Antony's series (Palgrave Macmillan (Firm)) | |
| 856 | 4 | 0 |
_uhttp://site.ebrary.com/lib/rucke/Doc?id=10103786 _zAn electronic book accessible through the World Wide Web; click to view |
| 999 |
_c206444 _d206444 |
||